Sialkot International Airport Destinations (Sialkot, Pakistan) - Statistics

General Stats
  • This quiz has been taken 25 times
    5 since last reset
  • The average score is 11 of 12
Answer Stats
Airline Destination % Correct
Air Arabia/Pakistan International Airlines Abu Dhabi
100%
Pakistan International Airlines/Qatar Airways Doha
100%
AirSial/Emirates/flydubai/Pakistan International Airlines Dubai (International)
100%
AirSial/Pakistan International Airlines Jeddah
100%
AirSial/Fly Jinnah Karachi
100%
Pakistan International Airlines Riyadh
100%
Air Arabia/Pakistan International Airlines Sharjah
100%
Pakistan International Airlines Bahrain
80%
Pakistan International Airlines Kuwait City
80%
Pakistan International Airlines Medina
80%
AirSial/SalamAir Muscat
80%
Pakistan International Airlines Dammam
60%
No matching quizzes found
Score Distribution
Percent of People with Each Score
Percentile by Number Answered
Your Score History
You have not taken this quiz since the last reset